Đại cương lịch sử thế giới cận đại T.1
Guardat en:
| Autor principal: | |
|---|---|
| Altres autors: | |
| Format: | Llibre |
| Publicat: |
H.
Giáo dục
1997
|
| Edició: | Tái bản lần 1 |
| Matèries: | |
| Etiquetes: |
Afegir etiqueta
Sense etiquetes, Sigues el primer a etiquetar aquest registre!
|
| Thư viện lưu trữ: | Trung tâm Học liệu Lê Vũ Hùng, Trường Đại học Đồng Tháp |
|---|
| LEADER | 00810pam a22002538a 4500 | ||
|---|---|---|---|
| 001 | 00019531 | ||
| 005 | 20171026081022.0 | ||
| 008 | 110506s1997 ||||||Viesd | ||
| 020 | |c 18400 | ||
| 041 | 0 | # | |a Vie |
| 082 | 1 | # | |a 909.6 |b Đ103C |
| 100 | 0 | # | |a Vũ Dương Ninh |
| 245 | 0 | 0 | |a Đại cương lịch sử thế giới cận đại |c Vũ Dương Ninh, Nguyễn Văn Hồng |n T.1 |
| 250 | # | # | |a Tái bản lần 1 |
| 260 | # | # | |a H. |b Giáo dục |c 1997 |
| 300 | # | # | |a 360 tr. |c 21 cm. |
| 653 | # | # | |a Cận đại |
| 653 | # | # | |a Lịch sử thế giới |
| 700 | 0 | # | |a Nguyễn Văn Hồng |
| 852 | # | # | |b Kho đọc |j KD.0004660 |
| 852 | # | # | |j KD.0004660 |
| 910 | |d 06/05/2011 | ||
| 980 | # | # | |a Trung tâm Học liệu Lê Vũ Hùng, Trường Đại học Đồng Tháp |